| 000 | 00466nam a2200157Ia 4500 | ||
|---|---|---|---|
| 008 | 220204s9999 xx 000 0 und d | ||
| 082 |
_a576.322 _bGOL |
||
| 245 | 0 | _aCell motility: Book B Actin myosin and associated proteins | |
| 260 |
_aUSA _bCold spring harbour laboratory _c1976 |
||
| 490 | _aCold spring harbour conferences on cell proliferation; v 3 | ||
| 650 | _aActin | ||
| 650 | _aCell motility | ||
| 650 | _aMyosin | ||
| 700 | _aGOLDMAN, R | ||
| 942 | _cBK | ||
| 999 |
_c30692 _d30692 |
||